000 00723nam a2200229 a 4500
999 _c7489
_d7489
001 7489
003 BD-JhCC
005 20181006124600.0
008 180210b2005 bg ||||| ||a| 000 0 ben d
020 _a9842000117
035 _a(BD-JhCC) 7489
040 _aBD-JhCC
_dBD-JhCC
041 _aben
082 _a320
_bULL 2005
100 _aউল্লাহ, মাহবুব
245 _aযে কথা বলতে চেয়েছি সরাসরি /
_c মাহবুব উল্লাহ
260 _aঢাকা :
_bঅ্যাডর্ন পাবলিকেশন ,
_c2005
300 _a426 p .:
_c22 cm .
650 _aPolitics and government, Bangladesh
942 _2ddc
_cBK